000 00874nam a22002537a 4500
001 8907
003 FISKH
005 20251031093812.0
008 251031b cb ||||| |||| 00| 0 eng d
020 _a9781405251136
040 _aFISKH
_beng
_cFISKH
_dFISKH
082 _a823.92
100 _aWilbert V. Awdry
245 _aThomas & friends:
_bKevin /
_cBased on the Railway Series by Wilbert V. Awdry ; Illustrations by Robin Davies and Jerry Smith
260 _aLondon :
_bEgmont,
300 _a32 unnumbered pages :
_bcolor illustrations ;
_c14 cm
505 _aH
520 _aKevin the crane is new to Sodor. He quickly learns from his mistakes and soon proves to be Really Useful.
521 8 _a430
_bLexile estimate
521 8 _aH
_bRaz-Plus
700 _aDavies Robin
_eillustrator
700 _aSmith, Jerry
_eillustrator
942 _2ddc
_cBK
_n0
999 _c8907
_d8907